000 01163nam a2200301 a 4500
001 ebr10161034
003 CaPaEBR
006 m u
007 cr cn|||||||||
008 080812s2007 enka sb 001 0 eng d
020 _z9781841501642
020 _z9781841509778
040 _aCaPaEBR
_cCaPaEBR
035 _a(OCoLC)246970535
050 1 4 _aHQ471
_b.S65 2007eb
100 1 _aSmith, Clarissa.
245 1 0 _aOne for the girls!
_h[electronic resource] :
_bthe pleasures and practices of reading women's porn /
_cClarissa Smith.
260 _aBristol, UK :
_bIntellect Books,
_c2007.
300 _a274 p. :
_bill.
504 _aIncludes bibliographical references and index.
533 _aElectronic reproduction.
_bPalo Alto, Calif. :
_cebrary,
_d2009.
_nAvailable via World Wide Web.
_nAccess may be limited to ebrary affiliated libraries.
650 0 _aPornography.
650 0 _aWomen
_xSexual behavior.
650 0 _aErotic literature.
655 7 _aElectronic books.
_2local
710 2 _aebrary, Inc.
856 4 0 _uhttp://site.ebrary.com/lib/rucke/Doc?id=10161034
_zAn electronic book accessible through the World Wide Web; click to view
999 _c242729
_d242729